Sto lat samotności (Запис № 579723)

МАРК-запис
000 -Лідер
fixed length control field 01659 a2200277 4500
001 - Контрольний номер
control field 2162214035926629
003 - Ідентифікатор контрольного номера
control field UA-OsUOA
005 - Дата та час останнього входження (трансакції)
control field 20260227110714.0
008 - Елементи даних фіксованої довжини – загальна інформація
fixed length control field 260227b pl ||||| |||| 00| f pol d
020 ## - Міжнародний стандартний книжковий номер (ISBN)
Міжнародний стандартний книжковий номер (ISBN) (НП) 9788370797546
040 ## - Джерело каталогізації
Агенція оригінальної каталогізації UA-OsUOA
Мова каталогізації ukr
Агенція, яка здійснювала перезапис UA-OsUOA
Агенція, яка здійснювала модифікацію UA-OsUOA
041 ## - Код мови
Код мови тексту/ звукової доріжки чи окремого заголовка (П) pol
080 ## - Індекс Універсальної десяткової класифікації
Індекс Універсальної десяткової класифікації (УДК) (НП) 821.162.1(862)
090 ## - Локальний шифр розміщення
Класифікаційний індекс УДК 821.162.1(862)
Авторський знак (НП) M32
100 ## - Основне введення – ім’я особи
Ім’я особи (НП) Marquez G. G.
9 (RLIN) 23308
245 ## - Відомості про назву
Назва (НП) Sto lat samotności
Дані про відповідальність (НП) Gabriel Garcia Marquez ; Przełożyly: Grażyna Grudzińska, Kalina Wojciechowska
260 ## - Публікація, розповсюдження і т.п. (Вихідні дані)
Місце публікації, розповсюдження і т.п. (П) Warszawa
Ім’я/ наймення видавництва, розповсюджувача і т.п. (П) Warszawskie Wydawnictwo Literackie MUZA SA
Дата публікації, розповсюдження і т.п. (П) 2003
300 ## - Фізичний опис
Обсяг 451 s.
518 ## - Примітка про дату/час і місце події
Примітка про дату/час і місце події Miała to być pierwsza powieść Gabriela Garcíi Marqueza. Dzięki swym dziadkom znał od dziecka historię Macondo i dzieje rodziny Buendía, prześladowanej fatum kazirodztwa. Świat, w którym rzeczy nadzwyczajne miały wymiar szarej codzienności, zwyczajność zaś przyjmowana była jak zjawisko nadprzyrodzone; świat bez czasu, gdzie wiele rzeczy nie miało jeszcze nazw, był też jego światem. Potrzebował aż dwudziestu lat, by wreszcie spisać te rodzinne opowieści z całym dobrodziejstwem i przekleństwem odniesień biblijnych, baśniowych, literackich, politycznych; uświadomił nam, że „plemiona skazane na sto lat samotności nie mają już drugiej szansy na ziemi”.
650 ## - Додаткове предметне введення – тематичний термін
Тематичний термін чи географічна назва, як елемент введення (НП) 821 Художня література окремими мовами і мовними сім'ями
9 (RLIN) 17
700 1# - Додаткове введення – ім'я особи
Ім’я особи (НП) Grudzińska G.
9 (RLIN) 23309
700 1# - Додаткове введення – ім'я особи
Ім’я особи (НП) Wojciechowska K.
9 (RLIN) 23310
942 ## - Додаткові елементи входу (Коха)
Тип елемента Koha Книги
Source of classification or shelving scheme Universal Decimal Classification
955 ## - Код типу видання за змістом
Код типу видання за змістом (НП) Літературно-художні видання
Фонди
Стан вилучень Стан втрат Джерело класифікації або схеми стелажів Стан уражень Не для кредиту Постійне місце розташування Поточне розміщення Дата придбання Джерело придбання Вартість, звичайна ціна покупки Усього замовленно Повний номер виклику Штрих-код Дата останнього перегляду Вартість, ціна заміни Ціна ефективна від Тип елемента Koha
    Universal Decimal Classification     ВІЛ - Відділ іноземн. літератури НБ ВІЛ - Відділ іноземн. літератури НБ 23/02/2026 Акт №06/23.02.2026 50.00   821.162.1(862) M32 217977 27/02/2026 50.00 27/02/2026 Книги